000 00486nam a2200169Ia 4500
003 GCL
008 140319s9999 xx 000 0 ara d
040 _aGCL /
_cGCL
082 0 4 _a658.45
_bك ا
100 1 _aكينات, كيت
245 1 0 _aاساليب الاقناع الادارى /
_cكينات, كيت
300 _a63 ص
490 _aسلسلة الدليل الادارى
_v0
650 0 4 _aالادارة
650 0 4 _aالاتصالات الادارية
942 _2ddc
_cBK
999 _c49734
_d49734